000
00291nam a22001337a 4500
008
210527b ||||| |||| 00| 0 eng d
041
_a
eng
080
_2
3rd
_a
070
082
_a
070
100
_a
42
101
_a
MED
245
_a
The Filmgoer's Companion
_c
Halliwell,L
942
_2
udc
_c
BK
999
_c
57719
_d
57719